| 000 | 00372 a2200133 4500 | ||
|---|---|---|---|
| 001 | 91498 | ||
| 082 | _aPR 1464 | ||
| 090 |
_c43639 _d43638 |
||
| 100 | _aQasim Ali Khan; Prof Khalid Saleemi (Advisor) | ||
| 245 |
_aVoice Activated Digital Recording on a Personal Computer _n58 "B" Ec |
||
| 260 |
_aRawalpindi _bNUST _c2003 |
||
| 300 | _a31p | ||
| 500 | _aBE Project Rep[orts | ||
| 942 |
_aCAE NUST _kPR 1464 |
||
| 999 |
_c326571 _d326571 |
||